Biochémia Molekulárnobiologické a farmaceutické aspekty

Gespeichert in:
Bibliographische Detailangaben
Hauptverfasser: Jindra, Antonín, 1914-1986 (zos), Kovács, Peter (Verfasst von), Pšenák, Mikuláš (Verfasst von), Šípal, Zdeněk (Verfasst von)
Weitere Verfasser: Andel, Ján (gup)
Format: Buch
Sprache:Slowakisch
Veröffentlicht: Martin Osveta 1985
Ausgabe:1. vyd.
Schriftenreihe:Farmaceutická edícia Zv. 19.
Schlagworte:
Online-Zugang:Im OPAC anzeigen
Tags: Tag hinzufügen
Keine Tags, Fügen Sie das erste Tag hinzu!

MARC

LEADER 00000nam a2200000 a 4500
005 20260127134018.0
008 180815s1985 xo 0 slo
015 |a SNBA1986/03 
020 |c 70 Kčs. (3000 výtl.) 
035 |a vtls001087396 
035 |a SNK000030236 
039 9 |a 201808151620  |b VLOAD  |c 201808141643  |d VLOAD  |c 201808141643  |d VLOAD  |c 201604141741  |d VLOAD  |y 200412240816  |z VLOAD 
040 |a SNK  |b slo  |c SNK  |d STUSCHK1  |e AACR2 
041 0 |a slo 
044 |a xo  |c SK 
080 |a 577.1  |2 1. stred. slo 
100 1 |a Jindra, Antonín,  |d 1914-1986  |9 311 
245 0 |a Biochémia  |b Molekulárnobiologické a farmaceutické aspekty  |c Antonín Jindra ; Peter Kovács, Mikuláš Pšenák, Zdeněk Šípal, Antonín Jindra, Ján Andel 
250 |a 1. vyd. 
260 |a Martin  |b Osveta  |c 1985  |e Martin  |f Tlačiarne SNP 
300 |a 557 s., 60,44 AH  |b Tb. Sch.  |c 24 cm 
490 0 |a Farmaceutická edícia  |v Zv. 19. 
500 |a Rozlož. tit. list. Reg. 
650 0 7 |a [BK]  |2 SNK 
700 1 |a Kovács, Peter  |4 aut 
700 1 |a Pšenák, Mikuláš  |4 aut 
700 1 |a Šípal, Zdeněk  |4 aut 
700 1 |a Jindra, Antonín,  |d 1914-1986  |4 zos  |9 311 
700 1 |a Andel, Ján  |4 gup 
910 |a SCHK95 
954 |a biochémia  |x monografie 
958 |a OND 
958 |a TL 
999 |c 2081  |d 2081